000 01181aam a2200301 a 4500
003 BLK
005 20240830115012.0
008 180711b bul||||| |||| 00| 0 bul d
020 _a978-954-535-937-8
040 _aBLK
041 _aBUL
_cBUL
080 _aПсихоанализа
_b159.964.2
_z159.964.2
100 _aТодоров, Орлин Стефанов
_91299
245 _aРазбиране и интерпретация в психоанализата
_cОрлин Тодоров
260 _aСофия
_bНов български университет
_c2017
300 _a168 с.
_bс табл., диагр.
_c21 см
380 _a1
500 _aБиогр. данни за авт. отбелязани на гърба на кор. - Рез. на англ. ез. - Азб. показалец.
504 _aБиблиогр.: с. 157-160
650 7 _9168303
_aПсихоанализа
852 _aЦб 289485
942 _cKNG
_2udc
_n0
_02
944 _cДГ
_k30530
_lМинев Младен
999 _c323228
_d323228
999 _d323228
999 _d323228
999 _d323228